| 000 | 00504nam a2200205Ia 4500 | ||
|---|---|---|---|
| 005 | 20240823044659.0 | ||
| 008 | 240823s9999||||xx |||||||||||||| ||und|| | ||
| 020 | _a81-203-1045-4 | ||
| 041 | _aENGLISH | ||
| 082 | _A519.5 N2 | ||
| 100 | _a"Johnson,Richard A" | ||
| 245 | 0 | _aApplied Multivariate Statistical Ananlysis | |
| 250 | _a3rd | ||
| 260 |
_c1992 _b"Pearson ,Sing" |
||
| 500 | _aYES | ||
| 650 |
_aStatistics _bMathematics |
||
| 700 | _a" Wichern,Dean W" | ||
| 942 | _cBK | ||
| 999 |
_c213172 _d213172 |
||